Reglament de la Mutualitat de la Unió d'Obrers de la Casa de Caritat
Descripción Física:
38 p. ; 12 cm
MARC
| LEADER | 00000nam a2200000Ia 4500 | ||
|---|---|---|---|
| 001 | 9216 | ||
| 008 | 160829s1933 xx 000 0 cat d | ||
| 080 | |a RF-3-81 | ||
| 110 | 2 | |a Mutualitat de la Unió d'Obrers de la Casa de Caritat (Barcelona, Catalunya) |9 54369 | |
| 245 | |a Reglament de la Mutualitat de la Unió d'Obrers de la Casa de Caritat | ||
| 260 | |a Barcelona : |b (Imp. Casa Caritat), |c 1933 | ||
| 300 | |a 38 p. ; |c 12 cm | ||
| 610 | 2 | 0 | |a Mutualitat de la Unió d'Obrers de la Casa de Caritat (Barcelona, Catalunya) |x Estatuts |9 54380 |
| 650 | 0 | |9 55572 |a Mutualitats |z Catalunya |x Estatuts | |
| 710 | |a Casa de Caritat (Barcelona, Catalunya) |9 52406 | ||
| 856 | 4 | |u https://media.diba.cat/diba/fitxers/arxiu/fulletons/bib_9216_1933_baixa.pdf |y Accés lliure | |
| 856 | 4 | |u https://media.diba.cat/diba/fitxers/arxiu/fulletons/bib_9216_1933_baixa.pdf |y Accés lliure | |
| 900 | |a bib_9216_1933_baixa.pdf | ||
| 901 | |a Arxiu | ||
| 942 | |n 1 |2 udc | ||
| 952 | |0 0 |1 0 |4 0 |6 RF381 |7 1 |9 48640 |a Arxiu |b Arxiu |d 2016-12-01 |l 0 |o RF-3-81 |p 9216 |r 2016-12-01 00:00:00 |w 2016-12-01 |y ARXIU | ||
| 999 | |c 52470 |d 52470 | ||